[Event "PUR-ch"]
[Site "San Juan"]
[Date "2023.08.27"]
[Round "5"]
[White "Camacho Fabre, Rafael"]
[Black "Ortiz Colon, Vladimir S"]
[Result "1-0"]
[WhiteElo "1626"]
[BlackElo "1438"]
[PlyCount "57"]
[EventDate "2023.08.25"]
[EventType "swiss"]
[EventRounds "9"]
[EventCountry "PUR"]
[SourceTitle "EXT 2024"]
[Source "ChessBase"]
[SourceDate "2023.10.10"]
[SourceVersion "1"]
[SourceVersionDate "2023.10.10"]
[SourceQuality "1"]

1. d4 Nf6 2. c4 d5 3. Nc3 e6 4. Nf3 dxc4 5. e4 Nc6 6. Bxc4 Bb4 7. Qd3 a6 8. 0-0 0-0 9. Bg5 Be7 10. a3 b5 11. Ba2 Bb7 12. Rfe1 Nh5 13. Be3 g6 14. Rad1 Re8 15. d5 exd5 16. Nxd5 Bf8 17. Bg5 Qc8 18. Qb3 Nd8 19. Bxd8 Qxd8 20. Nf4 Qf6 21. Nxh5 gxh5 22. e5 Qg6 23. Nh4 Qg7 24. Re3 Re6 25. Rg3 Rg6 26. Nxg6 hxg6 27. e6 fxe6 28. Qxe6+ Kh7 29. Rd7 1-0

[Event "PUR-ch"]
[Site "San Juan"]
[Date "2023.08.26"]
[Round "2"]
[White "Sosa Trani, Luis"]
[Black "Camacho Fabre, Rafael"]
[Result "1-0"]
[WhiteElo "1943"]
[BlackElo "1626"]
[PlyCount "33"]
[EventDate "2023.08.25"]
[EventType "swiss"]
[EventRounds "9"]
[EventCountry "PUR"]
[SourceTitle "EXT 2024"]
[Source "ChessBase"]
[SourceDate "2023.10.10"]
[SourceVersion "1"]
[SourceVersionDate "2023.10.10"]
[SourceQuality "1"]

1. e4 c5 2. Nf3 Nc6 3. Bb5 Qc7 4. Nc3 e6 5. 0-0 a6 6. Bxc6 Qxc6 7. d4 cxd4 8. Nxd4 Qc7 9. Re1 Nf6 10. e5 Ng8 11. Qg4 d6 12. exd6 Qxd6 13. Nf5 Qd8 14. Nxg7+ Bxg7 15. Qxg7 Qf6 16. Qxf6 Nxf6 17. Bg5 1-0

[Event "Guaynabo Tuesdays 2nd"]
[Site "Guaynabo"]
[Date "2013.06.18"]
[Round "3.3"]
[White "Camacho Fabre, Rafael"]
[Black "Hernandez Rodriguez, Carlos"]
[Result "1-0"]
[WhiteElo "1725"]
[BlackElo "1537"]
[PlyCount "93"]
[EventDate "2013.06.04"]
[EventType "swiss"]
[EventRounds "5"]
[EventCountry "PUR"]
[SourceTitle "EXT 2024"]
[Source "ChessBase"]
[SourceDate "2023.10.10"]
[SourceVersion "1"]
[SourceVersionDate "2023.10.10"]
[SourceQuality "1"]

1. d4 Nf6 2. c4 g6 3. Nc3 Bg7 4. e4 d6 5. Nf3 0-0 6. Be2 Nbd7 7. 0-0 Re8 8. h3 e5 9. d5 h6 10. b4 Nh5 11. Rb1 Nf4 12. Re1 Nf6 13. Bf1 g5 14. Ne2 Ng6 15. Ng3 g4 16. hxg4 Bxg4 17. Be2 Nf4 18. Nh2 Nxe2+ 19. Nxe2 Bh5 20. f3 c6 21. Be3 a5 22. a3 cxd5 23. cxd5 axb4 24. axb4 b5 25. Qd3 Rb8 26. Ra1 Qc8 27. Rec1 Qb7 28. Ra7 Rec8 29. Rxb7 Rxc1+ 30. Nxc1 Rxb7 31. Qc3 Kh7 32. Qc6 Rd7 33. Qxb5 Rc7 34. Qb8 Rc3 35. Nf1 Bg6 36. Qxd6 h5 37. b5 h4 38. Bg5 Nh5 39. Qb4 Rc2 40. Qb3 Rc8 41. Nd3 f6 42. Bxh4 Bh6 43. g4 Nf4 44. Nxf4 Bxf4 45. Bxf6 Rc1 46. b6 Be8 47. b7 1-0

[Event "PUR-ch"]
[Site "Bayamon"]
[Date "2013.06.01"]
[Round "6"]
[White "Lugo Medina, Joan"]
[Black "Camacho Fabre, Rafael"]
[Result "0-1"]
[WhiteElo "1674"]
[BlackElo "1725"]
[PlyCount "100"]
[EventDate "2013.05.24"]
[EventType "swiss"]
[EventRounds "9"]
[EventCountry "PUR"]
[SourceTitle "CBM 154 Extra"]
[Source "ChessBase"]
[SourceDate "2013.06.25"]
[SourceVersion "2"]
[SourceVersionDate "2013.06.25"]
[SourceQuality "1"]

1. e4 e5 2. Nf3 Nc6 3. Bc4 Bc5 4. b4 Bxb4 5. c3 Ba5 6. d4 exd4 7. 0-0 Nf6 8. Bg5 h6 9. e5 hxg5 10. exf6 Qxf6 11. Qe2+ Ne7 12. cxd4 d6 13. Na3 0-0 14. Bd3 Bg4 15. Nc4 Bc3 16. Rac1 Bxd4 17. Qe4 Bf5 18. Qxd4 Qxd4 19. Nxd4 Bxd3 20. Na5 Bxf1 21. Kxf1 b6 22. Nc4 Rfe8 23. Nb5 Rec8 24. Re1 Kf8 25. Nd4 a6 26. Nf3 f6 27. Nd4 Kf7 28. Ne6 d5 29. Nd2 c5 30. Nxg7 Kxg7 31. Rxe7+ Kg6 32. Rd7 Rd8 33. Rb7 Rab8 34. Ra7 a5 35. Ke1 Rd6 36. Re7 Rh8 37. h3 Rh4 38. Re3 Kf7 39. Kd1 Re6 40. Rb3 a4 41. Rb5 Rb4 42. Rxb4 cxb4 43. Nf3 Re7 44. Kd2 b3 45. axb3 axb3 46. Kc3 Re2 47. Kxb3 Rxf2 48. Kc3 Rxf3+ 49. gxf3 Ke6 50. Kd4 b5 0-1

[Event "PUR-ch"]
[Site "Bayamon"]
[Date "2013.05.26"]
[Round "4"]
[White "Zilleruelo Irizarry, Diego"]
[Black "Camacho Fabre, Rafael"]
[Result "1-0"]
[WhiteElo "2075"]
[BlackElo "1725"]
[PlyCount "51"]
[EventDate "2013.05.24"]
[EventType "swiss"]
[EventRounds "9"]
[EventCountry "PUR"]
[SourceTitle "CBM 154 Extra"]
[Source "ChessBase"]
[SourceDate "2013.06.25"]
[SourceVersion "2"]
[SourceVersionDate "2013.06.25"]
[SourceQuality "1"]

1. e4 d6 2. d4 Nf6 3. Nc3 g6 4. Nf3 Bg7 5. Be2 0-0 6. 0-0 Nc6 7. Bf4 a6 8. Qd2 Nh5 9. Bh6 Bg4 10. Bxg7 Kxg7 11. d5 Ne5 12. Nxe5 Bxe2 13. Nxf7 Rxf7 14. Nxe2 Qd7 15. f4 Raf8 16. Rf3 e5 17. f5 Qe7 18. g4 Nf6 19. g5 Nxe4 20. f6+ Rxf6 21. gxf6+ Rxf6 22. Qe3 Rxf3 23. Qxf3 Qg5+ 24. Ng3 Nxg3 25. hxg3 Qd2 26. Rf1 1-0